000 00350nam a2200145Ia 4500
008 230917s9999||||xx |||||||||||||| ||und||
040 _e63517
_aMAIN
041 _aEnglish
082 _a657 C131F
100 _aCallam, A A
245 2 _aA foundation in business accounting
260 _aLondon
_bMacmillan
_c1977
300 _a403 p.
942 _cBK
999 _c217066
_d217066